A kvízműsorok bemutatása a Legyen Ön is milliomos! és a Párbaj című műsorokon keresztül

Elmentve itt :
Bibliográfiai részletek
Szerző: Galambos Lívia Dóra
További közreműködők: Rózsa Péter (Témavezető)
Dokumentumtípus: Szakdolgozat
Megjelent: 2010
Tárgyszavak:
Online Access:http://diploma.bibl.u-szeged.hu/39895
LEADER 00616nta a2200157 i 4500
001 dipl39895
005 20130415131830.0
008 130415s2010 hu om 0|| hun d
040 |a SZTE Diploma Repozitórium  |b hun 
041 |a hun 
100 1 |a Galambos Lívia Dóra 
245 1 2 |a A kvízműsorok bemutatása a Legyen Ön is milliomos! és a Párbaj című műsorokon keresztül   |h [elektronikus dokumentum] /  |c Lívia Dóra Galambos 
260 |c 2010 
650 4 |a Bölcsészettudományok 
700 1 |a Rózsa Péter  |e ths 
856 4 0 |u http://diploma.bibl.u-szeged.hu/id/eprint/39895/1/2010_galambos_livia_dora.pdf  |z Dokumentum-elérés